000 00649nam a2200241Ia 4500
003 OSt
005 20220918210822.0
006 a|||||r|||| 00| 0
007 ta
008 220917b |||||||| |||| 00| 0 eng d
024 _a122,179
037 _cTextual
040 _aARTS
_cARTS
_beng
041 _2eng
_aeng
082 _aV8:25:N5, J5
100 _aWilkes John Ed
_9119316
245 0 _aLiberty in Australia
260 _aNA
_bNA
_c1955
490 _aPublications of the Australian institute of political science
650 _aHISTORY
942 _hV8:25:N5, J5
_cTEXL
_2CC
999 _c245371
_d245371